00914nam a2200253 i 4500001000700000003000900007005001700016007000300033008004100036020001800077080002300095080002000118080002000138100001700158245016600175260006400341300005700405650004500462650003700507650004800544700002400592700002000616852002400636102772ES-MaACL20230906183158.0t|040223s2003 sp ||||0| spa d a84-8338-465-5 a32(100)"1995/2005" a339.9"1995/..." a327.5"1989/..."1 aSuau, Jaume.11a¿Hacia dónde va el mundo? [hRecurso electrónico] :] breflexiones sobre la gobernabilidad mundial / cprofesorado, Jaume Suau, Joan Tugores, Pere Vilanova. a[Barcelona] : bEdicions Universitat de Barcelona, c[2003] a1 disco (CD-ROM) : bcol. ; c12 cm + e1 díptico. 4aPolítica mundial-y1995-2005-vCD-ROM.14aEconomía internacional-y1989-14aConflictos internacionales-y1989-vCD-ROM.1 aTugores Ques, Juan.1 aVilanova, Pere. aES-MaACLjROT 2/3/7